Aun se proyecta la sombra del imperio soviético

Salvato in:
Dettagli Bibliografici
Natura: testo
Soggetti:
Tags: Aggiungi Tag
Nessun Tag, puoi essere il primo ad aggiungerne!!

MARC

LEADER 00000 a a2200000 04500
001 8114
003
040
245 |a Aun se proyecta la sombra del imperio soviético  
650 |a ECONOMIA EN TRANSICION  
650 |a CONDICIONES ECONOMICAS  
650 |a EVALUACION ECONOMICA  
773 |g volumen 34, número 16; páginas 258-259  
999 |c 20626  |d 20626